Megbízólevél-átadás

Elmentve itt :
Bibliográfiai részletek
Dokumentumtípus: Cikk
Megjelent: 1989-08-08
Sorozat:Délmagyarország 79 No. 185
Kulcsszavak:Raffay Ernő, képviselők
Online Access:http://dmarchiv.bibl.u-szeged.hu/99189
LEADER 00406nab a2200145 i 4500
001 delm99189
005 20190923084107.0
008 190923s1989 hu o 0|| hun d
040 |a SZTE Délmagyarország Archívum  |b hun 
041 |a hun 
245 0 0 |a Megbízólevél-átadás  |h [elektronikus dokumentum] 
260 |c 1989-08-08 
300 |a 3 
490 0 |a Délmagyarország  |v 79 No. 185 
695 |a Raffay Ernő, képviselők